000 00591nam a2200193Ia 4500
003 GCL
008 140319s9999 xx 000 0 ara d
040 _aGCL /
_cGCL
082 0 4 _a813.01
_bى س
100 1 _aيوسف جوهر
245 1 0 _aالساقية تدور /
_cيوسف جوهر
260 _aالقاهرة :
_bالهيئة القومية للبحث العلمى ،
_c1989
300 _a167 ص ؛
_c19 سم
490 _a
650 0 4 _aالادب العربى
650 0 4 _aالقصص العربية
650 0 4 _aالقصص العربية القصيرة
942 _2ddc
_cBK
999 _c27598
_d27598